| 000 | 00971nam a2200253 a 4500 | ||
|---|---|---|---|
| 001 | BRL_1628 | ||
| 005 | 20190320211310.0 | ||
| 008 | 150414s1947----mx-oe#####---#000-0#spa-# | ||
| 041 |
_aspa _heng |
||
| 044 | _amx | ||
| 050 | 4 |
_aBX2532.C48 _b.R67 1947 |
|
| 100 | 1 |
_aRosell, Lauro E. _911688 |
|
| 245 | 1 | 0 |
_aConvento Dieguino de Santa María de los Ángeles _bHuitzilopochco, Churubusco, museo histórico _ctexto de Lauro E. Rosell. |
| 260 |
_aMéxico _bInstituto Nacional de Antropología e Historia, Dirección de Monumentos Coloniales _c1947 |
||
| 300 |
_axliv, 47 p. _bil., láminas _c17 cm. |
||
| 440 | 0 |
_aMonografías mexicanas de arte _v8 _927479 |
|
| 500 | _aAu1844 | ||
| 500 | _aTexto en: español e inglés. | ||
| 504 | _aBibliografía: p. xliii-xliv | ||
| 610 | 2 | 4 |
_aConvento de Churubusco (Churubusco, Distrito Federal, México) _927480 |
| 651 | 4 |
_aChurubusco (Distrito Federal, México) _xHistoria eclesiástica _927481 |
|
| 902 | _aGRL | ||
| 942 |
_2lcc _cB |
||
| 999 |
_c10437 _d10437 |
||